Statistics for Next Country Alphabetically

Click here to take the quiz!

General Stats

  • This quiz has been taken 34,395 times
    (13,914 since last reset)
  • The average score is 9 of 18

Answer Stats

Country Next % Correct
IranIraq
99%
United KingdomUnited States
85%
South AfricaSouth Korea
79%
AustraliaAustria
78%
RomaniaRussia
63%
LiberiaLibya
61%
ChileChina
58%
FijiFinland
56%
GuineaGuinea-Bissau
53%
IsraelItaly
44%
HungaryIceland
43%
UruguayUzbekistan
41%
NorwayOman
34%
CubaCyprus
30%
PortugalQatar
30%
BotswanaBrazil
29%
SpainSri Lanka
24%
EstoniaEswatini
24%

Score Distribution

Percentile by Number Answered

Percent of People with Each Score

Your Score History

You have not taken this quiz since the last reset